000
00265nam a22001217a 4500
040
_c
HS
082
_a
636
110
_a
FARMING PRESS
245
_a
Cattle ailments recognition and treatment
260
_a
london
_b
FARMING PRESS
_c
1993
300
_a
182p.
942
_c
EK
999
_c
8752
_d
8752